Statistiques concernant Culture Générale - Série 2107

Cliquez ici pour prendre le quiz!

Statistiques générales

  • Ce quiz a été pris 106 fois
  • Le résultat moyen est 5 sur 10

Statistiques - réponses

QuestionRéponse% Correct
Sur terre, quel est l'animal le plus rapide ?guépard
90%
Qui a écrit "L'écume des jours" ? prénom et nomBoris Vian
81%
La "triskaïdékaphobie" est la peur du nombre.....13
80%
De quelle riche famille la série américaine "Dallas" raconte-t-elle l'histoire ?Ewing
72%
A quel philosophe doit-on l'allégorie de la caverne ? voir photoPlaton
64%
Sur quelle île peut-on se faire macagner, du nom "macagna" qui signifie "blague" ?Corse
37%
Quel oiseau marin pleure ou raille ? C'est le mot pleurer en breton qui a donné son nom à cet oiseaugoéland
33%
Quelle rivière, affluent de la Seine, traverse les départements du Loiret, Seine et Marne et Essonne ?Essonne
19%
Dans la série télévisée MacGyver, quel est le prénom du personnage principal ?Angus
18%
Quel synonyme de"marivaudage" rime avec ce dernier ?badinage
15%

Distribution des résultats

Percentile par nombre de réponses

% des personnes avec chaque résultat

Votre développement - résultats

Vous n’avez pas pris ce quiz